Responses for show #8201 - Monday, April 13, 2020

2020 College Championship semifinal game 1.

Contestants

[<< previous game]

Beni Keown, a freshman at Northwestern University from Evanston, Illinois

Kayla Kalhor, a sophomore at the University of Florida from Longwood, Florida

Tyler Combs, a senior at Indiana University from Greenfield, Indiana

[next game >>]

Jeopardy! Round responses

U.N. OBSERVANCES
LESSER-KNOWN COLLEGE SPORTS
ARTS & CULTURE
GREEK LETTERS
THE LION KING
CROSSWORD CLUES "P"
    $200 27
climate change

Kayla
    $200 30
bowling

Tyler
    $200 28
overtures

Triple Stumper
    $200 19
rho

Kayla
    $200 25
(Tyler: Who is Richard III?)

Richard I

TylerBeni
    $200 29
a peach

Beni
    $400 26
Poetry Day

Kayla
    $400 6
fencing

Kayla
    $400 21
[NOTE: It was not mentioned, but toe shoes are the same thing.]

pointe shoes

Kayla
    $400 8
alpha & omega

Tyler
    $400 23
Scotland

Beni
    $400 24
(Alex: Right, with less than a minute to go now.)

a poncho

Tyler
    $600 11
the Moon landing

Kayla
    $600 5
(Tyler: What is musket?)

rifle

TylerBeni
    $600 20
(Jackson) Pollock

Tyler
    $600 7
psi

Kayla
    $600 22
India & Pakistan

Tyler
    $600 18
a parallelogram

Beni
    $800 10
Mandela

Kayla
    $800 3
nine-ball

Beni
    $800 2
flamboyant

Triple Stumper
    $800 12
Pi Day

Beni
    $800 14
Swaziland

Tyler
    $4,000 16
purloined

Beni
    $1000 9
antibiotics

Beni
    $1000 4
Disc Golf

Beni
    $1000 1
the Salon

Kayla
    $1000 13
sigma

Kayla
    $1000 15
Timbuktu

Beni
    $1000 17
a pariah

Kayla

Scores at the first commercial break (after clue 15):

Tyler Kayla Beni
$600 $4,400 $5,200

Scores at the end of the Jeopardy! Round:

Tyler Kayla Beni
$2,200 $6,600 $10,600

Double Jeopardy! Round responses

THE ENGLISH BILL OF RIGHTS
WHAT A CHARACTER
ROADS SCHOLAR
ON THE BAND'S SET LIST
(Alex: We're dealing with original songs by the bands.)
GET A JOB!
BEFORE & AFTER
    $400 29
speech

Beni
    $400 30
Sirius Black

Kayla
    $400 28
Wall Street

Tyler
    $400 16
Maroon 5

Beni
    $400 22
a cruise line (ship)

Beni
    $400 17
(Tyler: What is the Triple Crown?)

the Triple Crown Jewels

TylerKayla
    $800 6
(Beni: What is the militia?)

an army

TylerBeni
    $800 8
(Alex: [Using "Draccent"] The novel is [*]?)
[Laughter]

Dracula

Triple Stumper
    $800 27
Australia

Beni
    $800 15
Vampire Weekend

Kayla
    $800 23
a barista

Tyler
    $800 18
a sleeping bag of tricks

Tyler
    $1200 3
cruel and unusual punishments

Kayla
    $1200 7
(Alex: You picked the right one.)

Athos

Tyler
    $1200 11
Barcelona

Tyler
    $1200 14
Queen

Beni
    $1200 26
telemarketers

Beni
    $1200 21
Charlie Brown bear

Beni
    $1600 2
(Tyler: What are punishments?)
(Beni: What is force?)

bail

TylerBeni
Triple Stumper
    $1600 4
Polonius

Kayla
    $1600 10
the Autobahn

Tyler
    $1600 13
Twenty One Pilots

Beni
    $1600 25
a pharmacist

Beni
    $1600 20
a black hole in one

Beni
    $2,200 1
grievances

Tyler
    $2000 5
Rochester

Tyler
    $3,200 9
Dublin

Tyler
    $2000 12
Panic! at the Disco

Kayla
    $2000 24
an astrophysicist

Beni
    $2000 19
Frederick the Great Salt Lake

Tyler

Scores at the end of the Double Jeopardy! Round:

Tyler Kayla Beni
$16,400 $13,000 $20,600

[wagering suggestions for these scores]

Final Jeopardy! Round responses

RELIGIOUS WORDS
KaylaWhat is reincarnation? reincarnation?
$12,995
TylerWhat is reincarnation?!
$16,400
BeniWhat is orthodox? :(
$12,201
reincarnation

Final scores:

Tyler Kayla Beni
$32,800 $25,995 $8,399
Finalist 2nd place: $10,000 3rd place: $10,000

Game dynamics:

Coryat scores:

Tyler Kayla Beni
$15,000 $13,000 $17,400
17 R
(including 2 DDs),
4 W
17 R,
0 W
22 R
(including 1 DD),
2 W

Combined Coryat: $45,400

The J! Archive is created by fans, for fans. The Jeopardy! game show and all elements thereof, including but not limited to copyright and trademark thereto, are the property of Jeopardy Productions, Inc. and are protected under law. This website is not affiliated with, sponsored by, or operated by Jeopardy Productions, Inc. Join the discussion at JBoard.tv.